000
00212nam a22001097a 4500
082
_a
530 POP
100
_a
PDF
_9
56879
245
_a
POPULAR MECHANICS
260
_a
PDF
_b
PDF
_c
1981
300
_a
PDF
942
_c
BK
999
_c
581772
_d
581772